00746nam a2200193 a 450000100100000000500170001000800410002704000250006810000340009324500470012726000770017430000200025149000160027183000230028704900090031095201050031995201110042499900170053500002807820200930031330.0110406s1983 dr a 000 0 spa d aDO-SdBNPbspacBNPHU1 aArzeno Romero, Luis E.95509710aRadiología dental /cLuis Arzeno Romero. aSanto Domingo :bUniversidad CETEC,c1983.fEditora Educativa Dominicana a69 p. ;c22 cm.1 aCienciasv4 0aCienciasv4955098 aBNPD 0010718PDaPDbPDcCTd2011-04-06iLF1l0o p28078-10r2020-06-25w2020-06-25yLFPDZNo se presta 0010718PDaPDbPDcCTd2011-04-15iLF1l0o p28078-20r2020-06-25te. 2w2020-06-25yLFPDZNo se presta c27570d27570